| 000 | 00644nam a22002177a 4500 | ||
|---|---|---|---|
| 003 | PILC | ||
| 005 | 20151008145628.0 | ||
| 008 | 130129t xxu||||| |||| 00| 0 eng d | ||
| 020 | _a9710848844 | ||
| 050 |
_aBJ 1025 _b.Ag25 1991 |
||
| 082 |
_aFIL 170.8 _bAg1 1991 |
||
| 100 | _aAgapay, Ramon B. | ||
| 245 |
_aEthics and the Filipino: _ba manual on morals for students and educators / _cRamon B. Agapay. |
||
| 260 |
_aMetro Manila : _bNational Book Store, _c1991. |
||
| 300 |
_a234 pages ; _c 22 cm. |
||
| 500 | _aIncludes bibliographical references. | ||
| 526 | _c1210L-1700L | ||
| 562 | _e1 | ||
| 942 |
_2lcc _cBK _kFIL |
||
| 999 |
_c17386 _d17386 |
||